Sports Quiz

Random Sports or Basketball Quiz

NBA Most Points by Decade Quiz Stats

Quiz Updated May 3, 2017

Challenge
Share
Tweet
Embed
Score 0/164 Timer 12:00
0 Plays Today
Team Player % Correct
Chicago BullsMichael Jordan
96%
Chicago BullsMichael Jordan
96%
Cleveland CavaliersLeBron James
94.8%
Atlanta HawksJoe Johnson
93.3%
Phoenix SunsKevin Johnson
93.1%
Sacramento KingsEddie Johnson
93%
Los Angeles LakersKobe Bryant
92.9%
Los Angeles LakersKobe Bryant
92.6%
Boston CelticsLarry Bird
91.9%
Boston CelticsPaul Pierce
90.5%
Boston CelticsPaul Pierce
89.6%
Indiana PacersJermaine O'Neal
89.6%
Miami HeatDwyane Wade
88.9%
Miami HeatDwyane Wade
88.2%
Dallas MavericksDirk Nowitzki
87.8%
Dallas MavericksDirk Nowitzki
87.3%
Denver NuggetsCarmelo Anthony
87%
Los Angeles LakersKareem Abdul-Jabbar
86.3%
Milwaukee BucksKareem Abdul-Jabbar
86.3%
New York KnicksCarmelo Anthony
86.3%
Utah JazzKarl Malone
85.1%
Utah JazzKarl Malone
85.1%
Oklahoma City ThunderKevin Durant
84.9%
San Antonio SpursTim Duncan
84.9%
Washington WizardsJeff Malone
84.7%
Minnesota TimberwolvesDoug West
82.9%
Minnesota TimberwolvesKevin Garnett
82.8%
San Antonio SpursDavid Robinson
82.5%
Milwaukee BucksGlenn Robinson
82.3%
Portland Trail BlazersClifford Robinson
82.2%
New Orleans PelicansAnthony Davis
82%
Detroit PistonsIsiah Thomas
82%
Philadelphia 76ersAllen Iverson
81.8%
Houston RocketsHakeem Olajuwon
81.3%
Houston RocketsHakeem Olajuwon
81.3%
Indiana PacersReggie Miller
81.2%
New York KnicksPatrick Ewing
80.6%
Brooklyn NetsVince Carter
80.2%
Philadelphia 76ersFred Carter
79.8%
Golden State WarriorsWilt Chamberlain
78.4%
Atlanta HawksDominique Wilkins
77.6%
Atlanta HawksDominique Wilkins
77.6%
San Antonio SpursTony Parker
76.7%
Orlando MagicTracy McGrady
74.8%
Golden State WarriorsStephen Curry
74.7%
Los Angeles ClippersBlake Griffin
72.9%
Atlanta HawksAl Horford
71.6%
Detroit PistonsRichard Hamilton
70.9%
Oklahoma City ThunderGary Payton
70.9%
Brooklyn NetsBuck Williams
70.9%
Houston RocketsYao Ming
70.8%
Indiana PacersHerb Williams
70.8%
Charlotte HornetsGerald Wallace
70.5%
Memphis GrizzliesPau Gasol
70.5%
Portland Trail BlazersRasheed Wallace
70.5%
Team Player % Correct
Minnesota TimberwolvesKevin Love
69.7%
Washington WizardsJohn Wall
68.4%
Los Angeles ClippersRandy Smith
68.2%
Cleveland CavaliersBingo Smith
68.2%
Philadelphia 76ersJulius Erving
67.3%
Chicago BullsDerrick Rose
66.7%
Washington WizardsJuwan Howard
66.5%
Charlotte HornetsDell Curry
65.3%
Boston CelticsBob Cousy
64.5%
Boston CelticsJohn Havlicek
63.9%
Memphis GrizzliesZach Randolph
63.7%
Phoenix SunsWalter Davis
63%
Toronto RaptorsChris Bosh
62.9%
Orlando MagicNikola Vucevic
62.2%
Chicago BullsBob Love
61.6%
Boston CelticsSam Jones
61.2%
San Antonio SpursGeorge Gervin
58.4%
San Antonio SpursGeorge Gervin
58.4%
Indiana PacersPaul George
58.1%
Sacramento KingsOscar Robertson
58%
Detroit PistonsJoe Dumars
58%
Los Angeles LakersElgin Baylor
57.5%
Cleveland CavaliersKyrie Irving
57.1%
Los Angeles ClippersElton Brand
56.4%
Milwaukee BucksMichael Redd
55.8%
Golden State WarriorsChris Mullin
55.6%
Denver NuggetsMahmoud Abdul-Rauf
55.4%
Denver NuggetsAlex English
55.1%
Boston CelticsReggie Lewis
54.9%
Oklahoma City ThunderRashard Lewis
54.9%
Charlotte HornetsKemba Walker
53.3%
Brooklyn NetsBrook Lopez
53%
Atlanta HawksBob Pettit
50.5%
Atlanta HawksBob Pettit
50.5%
Portland Trail BlazersLaMarcus Aldridge
49.7%
Chicago BullsBen Gordon
49.6%
Phoenix SunsShawn Marion
49%
New York KnicksWalt Frazier
48.7%
Los Angeles LakersGeorge Mikan
48.4%
Washington WizardsAntawn Jamison
48.1%
New York KnicksWillis Reed
47.9%
Golden State WarriorsRick Barry
47.1%
Cleveland CavaliersMark Price
46.5%
New York KnicksAllan Houston
45.9%
Sacramento KingsDeMarcus Cousins
45.4%
Sacramento KingsPeja Stojakovic
45.1%
Brooklyn NetsBernard King
44.9%
Toronto RaptorsDeMar DeRozan
41.9%
Miami HeatGlen Rice
41.5%
Milwaukee BucksBrandon Jennings
41.2%
Sacramento KingsMitch Richmond
41.2%
Utah JazzPete Maravich
38.7%
Washington WizardsElvin Hayes
38.5%
Orlando MagicNick Anderson
38.3%
Denver NuggetsTy Lawson
37.2%
Team Player % Correct
Chicago BullsBob Boozer
37.1%
Golden State WarriorsJason Richardson
36.3%
Houston RocketsJames Harden
35.7%
Los Angeles LakersVlade Divac
34.8%
Utah JazzAdrian Dantley
34.5%
Toronto RaptorsDamon Stoudamire
34.1%
Detroit PistonsGreg Monroe
33%
Denver NuggetsDavid Thompson
30.9%
Utah JazzGordon Hayward
30.5%
Memphis GrizzliesShareef Abdur-Rahim
30.4%
Dallas MavericksMark Aguirre
28.4%
Detroit PistonsBob Lanier
26.4%
Oklahoma City ThunderFred Brown
25.1%
Brooklyn NetsDerrick Coleman
24.3%
Los Angeles LakersGail Goodrich
23.8%
Phoenix SunsGail Goodrich
23.8%
Sacramento KingsTiny Archibald
22.9%
Philadelphia 76ersThaddeus Young
22.7%
Philadelphia 76ersDolph Schayes
22.5%
Houston RocketsCalvin Murphy
21.5%
Los Angeles ClippersDanny Manning
21.1%
Dallas MavericksDerek Harper
20.8%
Philadelphia 76ersHal Greer
19.9%
Cleveland CavaliersWorld B. Free
19.8%
Milwaukee BucksSidney Moncrief
19.7%
Oklahoma City ThunderJack Sikma
19.5%
Golden State WarriorsPaul Arizin
18.3%
Phoenix SunsGoran Dragic
16.6%
Washington WizardsWalt Bellamy
13.7%
New Orleans PelicansDavid Wesley
12.8%
Atlanta HawksLou Hudson
12.1%
New York KnicksBill Cartwright
6.8%
Golden State WarriorsJoe Fulks
6.4%
Charlotte HornetsKelly Tripucka
6.2%
Los Angeles ClippersNorm Nixon
5.5%
Los Angeles LakersVern Mikkelsen
5.5%
Detroit PistonsGeorge Yardley
5.4%
Philadelphia 76ersClarence Weatherspoon
4.8%
Golden State WarriorsPurvis Short
4.6%
Phoenix SunsDick Van Arsdale
4.6%
Portland Trail BlazersJim Paxson
4.4%
Portland Trail BlazersGeoff Petrie
4.1%
Miami HeatKevin Edwards
3.4%
Detroit PistonsBailey Howell
3.3%
New York KnicksCarl Braun
1.9%
Milwaukee BucksJon McGlocklin
1.3%
Sacramento KingsArnie Risen
1.2%
Oklahoma City ThunderBob Rule
1.2%
Boston CelticsEd Sadowski
1%
Houston RocketsDon Kojis
1%
Sacramento KingsBobby Wanzer
0.8%
Indiana PacersRicky Sobers
0.7%
New York KnicksBud Palmer
0.7%
Detroit PistonsBob Tough
0.7%

You're not logged in!

Compare scores with friends on all Sporcle quizzes.
Sign Up with Email
OR
Log In

You Might Also Like...

Show Comments

Extras

Top Quizzes Today


Score Distribution

Your Account Isn't Verified!

In order to create a playlist on Sporcle, you need to verify the email address you used during registration. Go to your Sporcle Settings to finish the process.